000 00770nab a2200253 u 4500
001 21572
003 HDC
007 cr bn ---aaaaa
008 210309c mydr|nes 0 a eng d
040 _aHDC
245 0 _aMustapha: Good news for local industries
260 _aMalaysia :
_bTHE STAR,
_c2015
300 _a1pages
336 _atext
_2rdacontent
337 _acomputer
_2rdamedia
338 _aonline resource
_2rdacarrier
650 _aeconomy
_91877
650 _atrade sector
_916766
710 _aTHE STAR
856 _zRequest full-text at [email protected]
942 _2lcc
942 _cNEWS
942 _kNWSC 010505
999 _c18888
_d18888